000 01097nam0a22002651 4500
001 RU\NLR\INFOCOMM_195\5000047118
005 20260406110512.0
035 _a(NLR Aleph) 009158505
090 _a8439167
_c8439167
100 _a20100129d1977 |||y0rusy50 ca
101 0 _aeng
102 _aRU
105 _aa ||||000|y
200 1 _aOn the draft Constitution of the Union of Soviet Socialist Republics
_eA report delivered at the Plenary met. of the CPSU Central Comm. on May 24, 1977
_fL. I. Brezhnev
210 _aΜ.
_c"Novosti" press agency publ. house
_d1977
215 _a32 с.
_cпортр.
_d16 см
300 _aВ вып. дан.: Л. И. Брежнев. О проекте Конституции Союза Советских Социалистических Республик
686 _aФ61(Г)273-13"1977"
_2rubbk
700 1 _4070
_8rus
_7ca
_aBrežnev
_bL. I.
_f1906-1982
_gLeonid Il'ič
_3RU\NLR\AUTH\77109814
_992739
790 1 _9z01700
_aBrezhnev
_bL. I.
_4070
801 1 _aRU
_bNLR
_c20100129
801 0 _aRU
_bNLR
_gPSBO
852 _aNLR
_jИп31 Д-2/98
942 _cBOOK
980 _aNB